[Event "Calvia Amateur op 19th"]
[Site "Calvia"]
[Date "2022.10.14"]
[Round "7"]
[White "Quijada Carvajal, Leonardo Gustavo"]
[Black "Borovnica, Tihomir"]
[Result "1/2-1/2"]
[WhiteElo "1984"]
[BlackElo "2159"]
[PlyCount "106"]
[EventDate "2022.10.08"]
[EventType "swiss"]
[EventRounds "9"]
[EventCountry "ESP"]
[SourceTitle "CBM 210 Extra"]
[Source "ChessBase"]
[SourceDate "2022.11.30"]
[SourceVersion "1"]
[SourceVersionDate "2022.11.30"]
[SourceQuality "1"]

1. e4 e6 2. d4 d5 3. Nd2 c5 4. exd5 exd5 5. Ngf3 Nf6 6. Bb5+ Bd7 7. Bxd7+ Nbxd7 8. 0-0 Be7 9. dxc5 Nxc5 10. Nb3 0-0 11. Nxc5 Bxc5 12. Bg5 Rc8 13. c3 Rc6 14. Ne5 Re6 15. Ng4 Be7 16. Ne3 Re5 17. Bxf6 Bxf6 18. Qb3 Qd7 19. Rad1 Rd8 20. Rd3 Rh5 21. Rfd1 d4 22. cxd4 Bg5 23. Nf1 Bf4 24. d5 Bd6 25. a4 a6 26. h3 Rf5 27. Ne3 Rf4 28. Rd4 Rxd4 29. Rxd4 Re8 30. Rc4 h5 31. Qd1 g6 32. Qc2 f5 33. Rd4 Kh7 34. Qd1 Qg7 35. Nxf5 Qf6 36. Nxd6 Qxd6 37. g3 Re7 38. Kg2 Rd7 39. Qf3 Kg7 40. Re4 Rf7 41. Qc3+ Kh7 42. Qe5 Qc5 43. Qd4 Qc2 44. d6 Rxf2+ 45. Qxf2 Qxe4+ 46. Kh2 Qd5 47. Qf4 g5 48. Qe3 Kg6 49. Qe8+ Kh6 50. Qe3 Qxd6 51. h4 Qf6 52. hxg5+ Qxg5 53. Qb6+ Qg6 1/2-1/2

[Event "Calvia Amateur op 16th"]
[Site "Calvia"]
[Date "2019.10.13"]
[Round "9"]
[White "Hristodorescu, Daniel"]
[Black "Borovnica, Tihomir"]
[Result "1/2-1/2"]
[WhiteElo "2102"]
[BlackElo "2231"]
[PlyCount "23"]
[EventDate "2019.10.05"]
[EventType "swiss"]
[EventRounds "9"]
[EventCountry "ESP"]
[SourceTitle "CBM 192 Extra"]
[Source "Chessbase"]
[SourceDate "2019.11.06"]
[SourceVersion "1"]
[SourceVersionDate "2019.11.06"]
[SourceQuality "1"]

1. e4 e6 2. d4 d5 3. Nc3 Bb4 4. exd5 exd5 5. Bd3 Nc6 6. Nge2 Nge7 7. 0-0 Bf5 8. Bg5 Qd7 9. a3 Bxc3 10. Nxc3 Bxd3 11. Qxd3 0-0 12. Bxe7 1/2-1/2

[Event "Calvia Amateur op 16th"]
[Site "Calvia"]
[Date "2019.10.10"]
[Round "6"]
[White "Borovnica, Tihomir"]
[Black "Romero Leon, Antonio"]
[Result "1-0"]
[WhiteElo "2231"]
[BlackElo "2015"]
[PlyCount "107"]
[EventDate "2019.10.05"]
[EventType "swiss"]
[EventRounds "9"]
[EventCountry "ESP"]
[SourceTitle "CBM 192 Extra"]
[Source "Chessbase"]
[SourceDate "2019.11.06"]
[SourceVersion "1"]
[SourceVersionDate "2019.11.06"]
[SourceQuality "1"]

1. d4 Nf6 2. c4 e6 3. Nf3 d5 4. Nc3 c5 5. cxd5 exd5 6. g3 Nc6 7. Bg2 h6 8. 0-0 Bd6 9. dxc5 Bxc5 10. a3 a5 11. Bf4 Be6 12. Rc1 Qe7 13. Qc2 0-0 14. Nb5 b6 15. Nc7 Rac8 16. Nxe6 Qxe6 17. Qd3 Rfd8 18. Rc2 Ne4 19. Be3 f5 20. Bh3 d4 21. Bc1 g5 22. Nd2 g4 23. Bg2 Ne5 24. Qb3 Qxb3 25. Nxb3 h5 26. Nxc5 bxc5 27. b3 a4 28. bxa4 c4 29. Rd1 d3 30. exd3 cxd3 31. Rxc8 Rxc8 32. Bf4 Ng6 33. Rxd3 Nxf4 34. gxf4 Rc1+ 35. Bf1 Nc3 36. Kg2 h4 37. h3 Nxa4 38. Rd4 gxh3+ 39. Kxh3 Rxf1 40. Rxa4 Rxf2 41. Kxh4 Kf7 42. Kg5 Rb2 43. Ra7+ Ke6 44. Ra6+ Kf7 45. Kxf5 Rb5+ 46. Kg4 Rb1 47. a4 Rc1 48. Kg5 Rc5+ 49. f5 Rc7 50. a5 Kg7 51. Rb6 Rc1 52. Rb7+ Kf8 53. a6 Ra1 54. a7 1-0

[Event "DEN-chT 1819 57th"]
[Site "Denmark"]
[Date "2019.01.13"]
[Round "6.5"]
[White "Brunello, Sabino"]
[Black "Borovnica, Tihomir"]
[Result "1-0"]
[WhiteElo "2548"]
[BlackElo "2276"]
[PlyCount "77"]
[EventDate "2018.10.27"]
[EventType "team-tourn"]
[EventRounds "9"]
[EventCountry "DEN"]
[SourceTitle "CBM 188 Extra"]
[Source "ChessBase"]
[SourceDate "2019.02.26"]
[SourceVersion "1"]
[SourceVersionDate "2019.02.26"]
[SourceQuality "1"]
[WhiteTeam "Koge Xtracon"]
[BlackTeam "Evans"]
[WhiteTeamCountry "DEN"]
[BlackTeamCountry "DEN"]

1. c4 g6 2. d4 Nf6 3. Nc3 Bg7 4. e4 d6 5. f3 0-0 6. Be3 c5 7. Nge2 Qa5 8. Nc1 Na6 9. Nb3 Qc7 10. Rc1 b6 11. g4 Nb4 12. h4 Nc6 13. d5 Ne5 14. Be2 a6 15. a4 Qd7 16. h5 Rb8 17. Nd2 Qd8 18. Nf1 b5 19. axb5 Qa5 20. Bd2 axb5 21. Nxb5 Qa2 22. Ra1 Qxb2 23. Bc3 Rxb5 24. Bxb2 Rxb2 25. Rb1 Ra2 26. Qb3 Ra7 27. Ng3 Bd7 28. h6 Bh8 29. g5 Ne8 30. 0-0 f5 31. f4 Ng4 32. Bxg4 Bd4+ 33. Kg2 fxg4 34. f5 gxf5 35. Nxf5 Bxf5 36. Rxf5 Rxf5 37. exf5 Be5 38. Re1 Bf4 39. Re4 1-0

[Event "DEN-chT 1819 57th"]
[Site "Denmark"]
[Date "2018.10.27"]
[Round "1.2"]
[White "Borovnica, Tihomir"]
[Black "Skytte, Rasmus"]
[Result "0-1"]
[WhiteElo "2276"]
[BlackElo "2385"]
[PlyCount "76"]
[EventDate "2018.10.27"]
[EventType "team-tourn"]
[EventRounds "9"]
[EventCountry "DEN"]
[SourceTitle "CBM 187 Extra"]
[Source "ChessBase"]
[SourceDate "2018.11.04"]
[SourceVersion "1"]
[SourceVersionDate "2018.11.04"]
[SourceQuality "1"]
[WhiteTeam "Evans"]
[BlackTeam "Aarhus/Skolerne"]
[WhiteTeamCountry "DEN"]
[BlackTeamCountry "DEN"]

1. Nf3 d5 2. g3 Nf6 3. Bg2 e6 4. 0-0 Be7 5. d3 c5 6. Nbd2 Nc6 7. e4 0-0 8. e5 Nd7 9. Re1 Qc7 10. Qe2 b5 11. Nf1 Nd4 12. Nxd4 cxd4 13. h4 Bb4 14. Bd2 Bxd2 15. Qxd2 Nxe5 16. Qf4 f6 17. Rac1 Qb6 18. h5 Bd7 19. Nd2 Nf7 20. Qh4 Nh6 21. Re2 Rad8 22. a3 Kh8 23. b4 Nf5 24. Qh1 Qa6 25. Ra1 Qd6 26. Nb3 Bc8 27. a4 bxa4 28. Rxa4 Bd7 29. Rxa7 Qxb4 30. Bh3 Qb6 31. Ra5 Nh6 32. Kg2 e5 33. Bxd7 Rxd7 34. Qa1 Rc8 35. Qa4 Rdd8 36. Rb5 Qc6 37. Qa5 Qe8 38. Rxd5 Qc6 0-1